El encanto de las mariposas de Colombia (Registro nro. 4487)

Detalles MARC
000 -CABECERA
Campo de control 00654nam a2200181 a 4500
005 - FECHA Y HORA DE LA ULTIMA TRANSACCION
Campo de control 20180814162932.0
008 - ELEMENTOS DE LONGITUD FIJA—INFORMACION GENERAL
Campo de control 140115b ck ||||| |||| 00| 0 spa d
040 ## - FUENTE DE CATALOGACIÓN
Agencia catalogadora original CO-BoIAVH
Agencia transcriptora CO-BoIAVH
041 ## - IDIOMA
Código de idioma para texto/pista de sonido o título separado Español
090 ## - CLASIFICACIÓN LOCAL
Colección EA
Consecutivo 00058
110 2# - ASIENTO PRINCIPAL--NOMBRE CORPORATIVO
Unidad subordinad Fundación para la Información, Educación y Conservación de los Recursos Naturales
9 (RLIN) 101209
245 13 - MENCION DE TITULO
Título El encanto de las mariposas de Colombia
260 ## - PUBLICACION, DISTRIBUCION, ETC. (PIE DE IMPRENTA)
Lugar de publicación, distribución, etc. Bogotá :
Nombre del editor, distribuidor, etc. RENASER,
Fecha de publicación, distribución, etc. [199?].
300 ## - DESCRIPCION FISICA
Extensión 64 páginas :
Otros detalles físicos ilustraciones (algunas a color) y láminas ;
Dimensiones 34 x 28 cm.
650 24 - ASIENTO SECUNDARIO DE MATERIA - TERMINO TEMATICO
Término temático o nombre geográfico como elemento de entrada Mariposas
Subdivisión general Taxonomía
Subdivisión de forma Album
9 (RLIN) 101211
650 26 - ASIENTO SECUNDARIO DE MATERIA - TERMINO TEMATICO
Término temático o nombre geográfico como elemento de entrada Lepidoptera
Subdivisión de forma Taxonomía
Subdivisión general Album
9 (RLIN) 101212
942 ## - ELEMENTOS ADICIONALES (KOHA)
Tipo de ítem Libro
Sistema de clasificación Local
Existencias
Withdrawn status Lost status Sistema de Clasificación Damaged status No para préstamo Colección Ubicación Permanente Ubicación actual Fecha de adquisición Total Checkouts Número topográfico Inventario / Código de Barras Date last seen Ejemplar Price effective from Forma de adquisición Tipo de material
    Local     Educación Ambiental Sala Fabio Quevedo Sala Fabio Quevedo 17/05/2005   EA-00058 017908 04/12/2012 Ej. 1 04/12/2012 Donación Libro